000 00790pam a2200265 i 4500
999 _c5276
_d5276
003 OSt
005 20220406091243.0
008 770207s1977 moua b 001 0 eng
020 _a0801651042
040 _cDLC
050 0 0 _aRT81.5
_b.T7 1977
060 _aWY20.5 T786e
100 1 _aTreece, Eleanor Mae Walters.
245 1 0 _aElements of research in nursing /
_cEleanor Walters Treece, James William Treece.
250 _a2d ed.
260 _aSt. Louis :
_bMosby,
_c1977.
300 _ax, 349 p. :
_bill. ;
_c26 cm.
504 _aIncludes bibliographies and indexes.
650 0 _aNursing
_xResearch.
650 2 _aNursing.
650 2 _aResearch.
700 1 _aTreece, James William,
_ejoint author.
906 _a7
_bcbc
_corignew
_d1
_eocip
_f19
_gy-gencatlg
942 _2lcc
_cBK
_nMM